000 00786nam a2200265 a 4500
001 66709
003 BD-RjUL
005 20211209081553.0
008 170319s1964 enka 001 0 eng d
035 _a(BD-RjUL)66840
040 _aBD-RjUL
_beng
_cBD-RjUL
_dBD-RjUL
041 _aeng
082 _223
_a621.3132
_bRAD 1964
100 _aRanson, H.B.
_9197477
245 1 0 _aDirect current machines /
_cH.B.Ranson & E.T.A.Webb
250 _a2nd ed.
260 _aLondon :
_bMcmillan,
_cc1960 [Reprinted 1964]
300 _a320 p. :
_c23 cm
_bill ;
490 _aCleaver-Hume Electrical Series
500 _aIncludes Index.
650 0 _aElectric machinery
_xDirect current.
_943154
700 _aWebb, E.T.A.
_9197478
856 _3Cleaver-Hume Electrical Series
942 _2ddc
_cBK
999 _c66709
_d66709